000 00912cam a2200265 4500
001 M1276
008 090401t1989 xxu||||| |||| 00| 0 eng d
035 _a(Sirsi) u30902
041 _aeng
050 _a331.2
_c18
090 _a1989/96A
110 _aRoyal Institution of Chartered Surveyors
_94900
245 _aConditions of engagement for building surveying services
250 _aRev. ed.
260 _aLondon
_bSurveyors Publications
_c1989
300 _a7p.
_c30cm.
350 _a0
490 _aRICS Conditions of Engagement
520 _aSuperseded by second edition "Appointing a building surveyor - a guide for clients and surveyors : guidance note" (ISBN 0854069631). Supersedes 1988 edition (ISBN 085406401X).
650 _aBUILT ENVIRONMENT-BUILDING INSPECTION
650 _aPROFESSIONAL FEES
690 _aBUILT ENVIRONMENT-BUILDING INSPECTION
942 _n0
948 _c04/03/1997
999 _c89527
_d89527